| 000 | 01010cad a22001935a 4500 | ||
|---|---|---|---|
| 001 | L154237 | ||
| 008 | 111107s2011 xxk 000 0 eng d | ||
| 035 | _a(Sirsi) u154237 | ||
| 041 | 0 | _aeng | |
| 110 | 2 |
_aEC Harris _94930 |
|
| 245 | 0 | 0 |
_aInternational Focus on Russia _bwinter olympics and football world cup boost infrastructure spend as Russian economy grows _h[electronic resource] |
| 260 |
_a[S.l.] _bECHarris _c2011 |
||
| 520 | _aThis overview of the construction industry in Russia looks at the banks, employment, funding, leisure and sport, the property market, indicative costs per m² in Russia (Euros per sqm), residential, retail, materials, forecasting and a chart showing the economy and construction at a glance 2010, 2011, and 2012. | ||
| 590 | _aKA NTK | ||
| 651 | 4 | _aRussia | |
| 690 | _aBUILT ENVIRONMENT-CONSTRUCTION MARKET | ||
| 856 | 4 | 0 |
_uhttps://www.echarris.com/pdf/8083_International%20Focus%20on%20Russia%20FINAL.pdf _zView the item free of charge at www.echarris.com |
| 942 | _n0 | ||
| 999 |
_c112893 _d112893 |
||